000 00823nam a22002177a 4500
999 _c2827
_d2827
003 AR-CdUCM
008 190305b ||||| |||| 00| 0 spa d
040 _aMUNICIPALIDAD PROVINCIAL DEL CUSCO
_cBIBLIOTECA MUNICIPAL DEL CUSCO
082 _a344.09 /
_bM26
100 _aMantrell, Alberto
_99827
245 _aPatrimonio cultural :
_bpolíticas contra el tráfico ilícito /
260 _aLima :
_bFCE,
_c1998.
300 _a186 páginas ;
_c22 cm.
440 _aPolítica y derecho
_99828
505 _aNormatividad internacional sobre el patrimonio cultural -- Unesco -- Convención sobre la protección de bienes culturales en caso de conflicto armado...
650 _aPatrimonio cultural.
_93805
650 _aLeyes patrimoniales.
_99829
650 _aUnesco.
_99830
942 _2ddc
_cLIBROS
945 _awfj
_d2019-03-05